Auletta dei gruppi parlamentari-camera dei deputati /

Guardado en:
書目詳細資料
主要作者: Pellicer, Olga
Autores Corporativos: PALMO, Istituto per le relazioni tra l' Italia e i paesi dell' Africa, America Latina e medio oriente
格式: Texto
出版: Roma: IPALCO
標簽: 添加標簽
沒有標簽, 成為第一個標記此記錄!

MARC

LEADER 00000 a a2200000 04500
001 24531
003
040 |a CRAI/IIS  |c CRAI/IIS 
090 |a 176200  
100 |a Pellicer, Olga  
110 |a PALMO  
245 |a Auletta dei gruppi parlamentari-camera dei deputati /  |c PALMO  
260 |a Roma:   |b IPALCO  
300 |a 25 p.  
710 |a Istituto per le relazioni tra l' Italia e i paesi dell' Africa, America Latina e medio oriente  
999 |c 13104  |d 13104